Normal view
MARC view
- MARIAM ALTAF-Sup-Dr. Attya Bhatti
Entry Personal Name
001 - CONTROL NUMBER
- control field: 27497
003 - CONTROL NUMBER IDENTIFIER
- control field: NUST
005 - DATE AND TIME OF LATEST TRANSACTION
- control field: 20200113102644.0
008 - FIXED-LENGTH DATA ELEMENTS
- fixed length control field: 200113|| aca||aabn | a|a d
040 ## - CATALOGING SOURCE
- Original cataloging agency: NUST
- Transcribing agency: NUST
100 ## - HEADING--PERSONAL NAME
- Personal name: MARIAM ALTAF-Sup-Dr. Attya Bhatti
670 ## - SOURCE DATA FOUND
- Source citation: Work cat.: (NUST)480860: MARIAM ALTAF-Sup-Dr. Attya Bhatti, TH-MS-Association and Expression Profiling of MicroRNA-125b in Type 2 Diabetes and Coronary Artery Disease Patients, 2013
